[Event "Chebanenco Memorial"]
[Site "Kishinev"]
[Date "2014.02.28"]
[Round "7"]
[White "Danilenko, Dmitriy"]
[Black "Chircu, Vadim"]
[Result "1-0"]
[WhiteElo "2398"]
[BlackElo "2207"]
[PlyCount "115"]
[EventDate "2014.02.24"]
[EventType "tourn"]
[EventRounds "9"]
[EventCountry "MDA"]
[SourceTitle "CBM 159 Extra"]
[Source "ChessBase"]
[SourceDate "2014.04.24"]
[SourceVersion "1"]
[SourceVersionDate "2014.04.24"]
[SourceQuality "1"]

1. e4 c5 2. Nf3 d6 3. d4 cxd4 4. Nxd4 Nf6 5. f3 e5 6. Nb3 Be6 7. c4 a5 8. Nc3 a4 9. Nd2 Qa5 10. Ndb1 Be7 11. Be3 0-0 12. Qd2 Rc8 13. Na3 Nbd7 14. Nd5 Bd8 15. Be2 Ne8 16. Qxa5 Rxa5 17. Kf2 f5 18. Bd2 Raa8 19. Nc3 Nef6 20. exf5 Bxf5 21. Be3 Bb6 22. Rhd1 Bxe3+ 23. Kxe3 Rc6 24. Rd2 Nc5 25. Nab5 Ne8 26. Rad1 Rd8 27. f4 exf4+ 28. Kxf4 Bg6 29. Bf3 Ra6 30. Ke3 Rd7 31. Kf2 Kf8 32. Kg1 Bf7 33. Bd5 Bxd5 34. Rxd5 Ke7 35. Re1+ Kd8 36. Nxd6 Rdxd6 37. Rxc5 a3 38. b4 Rd2 39. Rce5 Nf6 40. R5e2 Rd3 41. Rc2 Ra8 42. Kf1 Rc8 43. Rd1 Rxd1+ 44. Nxd1 b5 45. Rd2+ Kc7 46. c5 Ne4 47. Rd3 Ra8 48. Ke2 Ra4 49. Rb3 Kc6 50. Kd3 Kd5 51. Rb1 Ke5 52. Nc3 Nxc3 53. Kxc3 Ra7 54. Rd1 Rf7 55. Kb3 Rf2 56. c6 Rb2+ 57. Kc3 Rf2 58. c7 1-0

[Event "EU-ch U18"]
[Site "Prague"]
[Date "2012.08.20"]
[Round "4"]
[White "Danilenko, Dmitriy"]
[Black "Pardo Simon, David"]
[Result "1-0"]
[WhiteElo "2395"]
[BlackElo "2430"]
[PlyCount "79"]
[EventDate "2012.08.17"]
[EventType "swiss"]
[EventRounds "9"]
[EventCountry "CZE"]
[SourceTitle "CBM 150 Extra"]
[Source "ChessBase"]
[SourceDate "2012.10.19"]
[SourceVersion "1"]
[SourceVersionDate "2012.10.19"]
[SourceQuality "1"]

1. e4 c5 2. Nf3 e6 3. d4 cxd4 4. Nxd4 a6 5. Bd3 Nf6 6. 0-0 e5 7. Nb3 Nc6 8. c4 a5 9. Nc3 a4 10. Nd2 a3 11. Nd5 h6 12. Nb3 axb2 13. Bxb2 Ba3 14. Bc3 d6 15. f4 Nd7 16. Kh1 Ne7 17. Qe1 0-0 18. Qg3 Kh8 19. Rae1 b6 20. Nd2 Bc5 21. Ra1 Ra7 22. a4 Nxd5 23. cxd5 Bd4 24. Bxd4 exd4 25. Nf3 Nc5 26. Nxd4 Rxa4 27. Nc6 Qd7 28. Rxa4 Nxa4 29. f5 Nc5 30. f6 g6 31. Bc2 Re8 32. Qh4 Kh7 33. Rf4 Ba6 34. Qg3 Be2 35. Rh4 h5 36. Qe3 Bg4 37. h3 Bf5 38. Qg5 Nxe4 39. Rxh5+ Kg8 40. Rh8+ 1-0

[Event "EU-ch U18"]
[Site "Prague"]
[Date "2012.08.17"]
[Round "1"]
[White "Sosovicka, Juraj"]
[Black "Danilenko, Dmitriy"]
[Result "0-1"]
[WhiteElo "2108"]
[BlackElo "2395"]
[PlyCount "64"]
[EventDate "2012.08.17"]
[EventType "swiss"]
[EventRounds "9"]
[EventCountry "CZE"]
[SourceTitle "CBM 150 Extra"]
[Source "ChessBase"]
[SourceDate "2012.10.19"]
[SourceVersion "1"]
[SourceVersionDate "2012.10.19"]
[SourceQuality "1"]

1. e4 c5 2. Nf3 d6 3. d4 cxd4 4. Nxd4 Nf6 5. Nc3 a6 6. Be2 e6 7. 0-0 Be7 8. f4 0-0 9. Kh1 Qc7 10. Qe1 b5 11. Bf3 Bb7 12. e5 Ne8 13. Bxb7 Qxb7 14. exd6 Nxd6 15. a3 Bf6 16. Be3 Nc6 17. Nb3 Nc4 18. Rb1 Rfd8 19. Nc5 Qc7 20. N5e4 Be7 21. f5 exf5 22. Rxf5 Qd7 23. Rd5 Qe6 24. Rxd8+ Rxd8 25. Bf4 Rd4 26. Qe2 h6 27. b3 Nxa3 28. Re1 b4 29. Na4 f5 30. Ng3 Qxe2 31. Nxe2 Re4 32. c3 Nc2 0-1

[Event "Paleochora op 4th"]
[Site "Paleochora"]
[Date "2011.07.21"]
[Round "3"]
[White "Horvath, Reka"]
[Black "Danilenko, Dmitriy"]
[Result "0-1"]
[WhiteElo "1968"]
[BlackElo "2360"]
[PlyCount "34"]
[EventDate "2011.07.20"]
[EventType "swiss"]
[EventRounds "9"]
[EventCountry "GRE"]
[SourceTitle "CBM 143 Extra"]
[Source "ChessBase"]
[SourceDate "2011.08.29"]
[SourceVersion "1"]
[SourceVersionDate "2011.08.29"]
[SourceQuality "1"]

1. b3 e5 2. Bb2 Nc6 3. e3 Nf6 4. Bb5 Bd6 5. Bxc6 dxc6 6. d3 0-0 7. Nd2 b5 8. Ngf3 Qe7 9. c4 Bb7 10. c5 Bxc5 11. Nxe5 Bd6 12. Ng4 Nd5 13. Nh6+ gxh6 14. Qg4+ Qg5 15. Qd4 f6 16. Nf3 Qg7 17. Nh4 Be5 0-1

[Event "Wch U18"]
[Site "Porto Carras"]
[Date "2010.10.26"]
[Round "7"]
[White "Danilenko, Dmitriy"]
[Black "Durarbayli, Vasif"]
[Result "1/2-1/2"]
[WhiteElo "2307"]
[BlackElo "2495"]
[PlyCount "119"]
[EventDate "2010.10.20"]
[EventType "swiss"]
[EventRounds "11"]
[EventCountry "GRE"]
[SourceTitle "EXT 2011"]
[Source "ChessBase"]
[SourceDate "2010.11.26"]
[SourceVersion "1"]
[SourceVersionDate "2010.11.26"]
[SourceQuality "1"]

1. e4 c5 2. Nf3 d6 3. d4 Nf6 4. dxc5 Nxe4 5. cxd6 Nc6 6. Be3 Nxd6 7. Nc3 Bg4 8. h3 Bxf3 9. Qxf3 g6 10. 0-0-0 Bg7 11. Nb5 0-0 12. Nxd6 exd6 13. Kb1 Qc7 14. c3 a6 15. Qd5 Rad8 16. Be2 Rfe8 17. Rhe1 Ne7 18. Qc4 Qb8 19. Bb6 Rc8 20. Qd3 Rc6 21. Be3 Nf5 22. Bf3 Rcc8 23. Bg4 Re5 24. Bxf5 Rxf5 25. Qxd6 Qa8 26. Rd5 Rxd5 27. Qxd5 Rd8 28. Qf3 Qc8 29. Rd1 Rxd1+ 30. Qxd1 Qf5+ 31. Kc1 h5 32. Qf3 Qb5 33. g4 h4 34. a4 Qxa4 35. Qxb7 Qc4 36. Kd2 Qf1 37. Qa8+ Kh7 38. Qf3 Qb1 39. Qb7 a5 40. Bd4 Bxd4 41. cxd4 Kg7 42. Qb5 a4 43. Qe5+ Kh7 44. d5 Qa2 45. Ke3 a3 46. bxa3 Qxa3+ 47. Kf4 Qxh3 48. Qf6 Qh2+ 49. Kg5 Qc7 50. d6 Qb7 51. Kxh4 Qh1+ 52. Kg3 Qg1+ 53. Kf3 Qd1+ 54. Kf4 Qc1+ 55. Ke4 Qb1+ 56. Ke3 Qe1+ 57. Kf3 Qd1+ 58. Kf4 Qc1+ 59. Kg3 Qg1+ 60. Kh3 1/2-1/2

[Event "EU-ch U16"]
[Site "Batumi"]
[Date "2010.09.28"]
[Round "9"]
[White "Danilenko, Dmitriy"]
[Black "Grigoryan, Karen H"]
[Result "1/2-1/2"]
[WhiteElo "2307"]
[BlackElo "2290"]
[PlyCount "87"]
[EventDate "2010.09.20"]
[EventType "swiss"]
[EventRounds "9"]
[EventCountry "GEO"]
[SourceTitle "CBM 138 Extra"]
[Source "ChessBase"]
[SourceDate "2010.10.29"]
[SourceVersion "1"]
[SourceVersionDate "2010.10.29"]
[SourceQuality "1"]

1. e4 c5 2. Nf3 d6 3. d4 cxd4 4. Nxd4 Nf6 5. f3 e5 6. Nb3 Be6 7. c4 a5 8. Be3 a4 9. N3d2 Qa5 10. Qc2 Be7 11. Nc3 0-0 12. Nd5 Bxd5 13. cxd5 Nbd7 14. Rc1 Bd8 15. Kd1 a3 16. b4 Qxb4 17. Rb1 Qa5 18. Rxb7 Be7 19. Nb3 Qd8 20. Qc7 Qxc7 21. Rxc7 Rfb8 22. Kc2 Bd8 23. Rc6 Ne8 24. Bd3 Bb6 25. Bxb6 Nxb6 26. Rb1 Na4 27. Nd2 Nb2 28. Nc4 Rb4 29. Nxb2 Rab8 30. Kc1 axb2+ 31. Kc2 Kf8 32. Bc4 Ke7 33. Bb3 R4b7 34. Rxb2 Nf6 35. Kc1 Nd7 36. Rcc2 Nc5 37. Bc4 Kd8 38. Rxb7 Rxb7 39. Kd2 Rb1 40. Rc1 Rb2+ 41. Rc2 Rb1 42. Rc1 Rb2+ 43. Rc2 Rb1 44. Rc1 1/2-1/2

[Event "EU-ch U16"]
[Site "Batumi"]
[Date "2010.09.27"]
[Round "8"]
[White "Gabuzyan, Hovhannes"]
[Black "Danilenko, Dmitriy"]
[Result "1/2-1/2"]
[WhiteElo "2261"]
[BlackElo "2307"]
[PlyCount "67"]
[EventDate "2010.09.20"]
[EventType "swiss"]
[EventRounds "9"]
[EventCountry "GEO"]
[SourceTitle "CBM 138 Extra"]
[Source "ChessBase"]
[SourceDate "2010.10.29"]
[SourceVersion "1"]
[SourceVersionDate "2010.10.29"]
[SourceQuality "1"]

1. e4 Nc6 2. d4 d5 3. e5 Bf5 4. Nf3 Qd7 5. c3 a6 6. Be3 f6 7. Nbd2 e6 8. Be2 Nge7 9. exf6 gxf6 10. Nh4 Bg6 11. b4 Nf5 12. Nxf5 Bxf5 13. a4 Bd6 14. b5 Na5 15. 0-0 0-0 16. Bh6 Rfe8 17. c4 dxc4 18. Nxc4 Nxc4 19. Bxc4 axb5 20. Bxb5 c6 21. Bc4 Qf7 22. Qf3 Qg6 23. Qe3 Kh8 24. Bf4 Rad8 25. Bxd6 Rxd6 26. Rfe1 Red8 27. Qb3 Qg4 28. Rac1 Rxd4 29. Bxe6 Bxe6 30. Rxe6 Qxe6 31. Qxe6 Rd1+ 32. Qe1 Rxe1+ 33. Rxe1 Ra8 34. Kf1 1/2-1/2

[Event "EU-ch U16"]
[Site "Batumi"]
[Date "2010.09.21"]
[Round "2"]
[White "Danilenko, Dmitriy"]
[Black "Orujov, Shujaat Ismiali"]
[Result "1-0"]
[WhiteElo "2307"]
[BlackElo "2098"]
[PlyCount "125"]
[EventDate "2010.09.20"]
[EventType "swiss"]
[EventRounds "9"]
[EventCountry "GEO"]
[SourceTitle "CBM 138 Extra"]
[Source "ChessBase"]
[SourceDate "2010.10.29"]
[SourceVersion "1"]
[SourceVersionDate "2010.10.29"]
[SourceQuality "1"]

1. e4 c5 2. Nf3 d6 3. d4 cxd4 4. Nxd4 Nf6 5. f3 e5 6. Nb3 Be7 7. c4 0-0 8. Be3 Be6 9. Nc3 Nbd7 10. Be2 Ne8 11. 0-0 a6 12. g3 Rc8 13. Nd5 Bxd5 14. Qxd5 Qc7 15. Rac1 Nc5 16. Qd2 Nxb3 17. axb3 Nf6 18. b4 Nd7 19. Rfd1 Rfd8 20. b3 Nf8 21. f4 Ne6 22. Bg4 Bf6 23. Bxe6 fxe6 24. f5 exf5 25. Qd5+ Kh8 26. exf5 Qe7 27. Bb6 Rd7 28. Qe4 Rc6 29. Bf2 Qf7 30. Rd5 Be7 31. Rcd1 Rd8 32. b5 Rcc8 33. g4 Rf8 34. Bg3 g6 35. f6 Bxf6 36. Rxd6 Rcd8 37. Rxd8 Bxd8 38. bxa6 bxa6 39. Qxe5+ Kg8 40. Qd5 Qxd5 41. Rxd5 Be7 42. Kg2 Rf6 43. Bf2 Re6 44. Kf3 Kf7 45. Rd7 Ke8 46. Rb7 h5 47. gxh5 gxh5 48. Rb6 Rxb6 49. Bxb6 Kd7 50. Ke4 Ke6 51. h3 Bf6 52. b4 Be7 53. b5 axb5 54. cxb5 Bh4 55. Bc7 Bf2 56. Bf4 Bc5 57. Be3 Be7 58. Kd4 Bf8 59. Bf4 Kd7 60. Kd5 Be7 61. b6 Bd8 62. b7 Bc7 63. b8Q 1-0

[Event "Chebanenco Memorial"]
[Site "Kishinev"]
[Date "2010.08.09"]
[Round "3"]
[White "Itkis, Boris"]
[Black "Danilenko, Dmitriy"]
[Result "1/2-1/2"]
[WhiteElo "2436"]
[BlackElo "2284"]
[PlyCount "91"]
[EventDate "2010.08.07"]
[EventType "tourn"]
[EventRounds "9"]
[EventCountry "MDA"]
[SourceTitle "EXT 2013"]
[Source "ChessBase"]
[SourceDate "2012.11.22"]
[SourceVersion "1"]
[SourceVersionDate "2012.11.22"]
[SourceQuality "1"]

1. d4 d5 2. c4 c6 3. Nf3 Nf6 4. Nc3 e6 5. Bg5 h6 6. Bxf6 Qxf6 7. g3 Nd7 8. Bg2 dxc4 9. 0-0 Bb4 10. Ne4 Qf5 11. Nfd2 Nf6 12. Nxf6+ Qxf6 13. Nxc4 0-0 14. Qb3 Be7 15. e3 h5 16. Rac1 Qf5 17. Rfd1 h4 18. e4 Qb5 19. Qxb5 cxb5 20. Ne3 hxg3 21. hxg3 Bd8 22. d5 Bb6 23. d6 Rd8 24. e5 f6 25. Ng4 Kf7 26. Rc3 f5 27. Ne3 Rb8 28. Kf1 Kg6 29. Ke2 Bd7 30. Rc7 Rbc8 31. Rdc1 Rxc7 32. dxc7 Rc8 33. Bxb7 Rxc7 34. Rxc7 Bxc7 35. f4 Bb6 36. b4 Kh6 37. Bf3 g5 38. Nc2 Be8 39. Ne1 Bd4 40. Nd3 gxf4 41. gxf4 Kg7 42. Nc5 Kf7 43. Kd3 Bf2 44. Bh5+ Ke7 45. Bxe8 Bxc5 46. Bxb5 1/2-1/2

[Event "Chebanenco Memorial"]
[Site "Kishinev"]
[Date "2010.08.07"]
[Round "1"]
[White "Baltag, Iulian"]
[Black "Danilenko, Dmitriy"]
[Result "1-0"]
[WhiteElo "2365"]
[BlackElo "2284"]
[PlyCount "59"]
[EventDate "2010.08.07"]
[EventType "tourn"]
[EventRounds "9"]
[EventCountry "MDA"]
[SourceTitle "EXT 2013"]
[Source "ChessBase"]
[SourceDate "2012.11.22"]
[SourceVersion "1"]
[SourceVersionDate "2012.11.22"]
[SourceQuality "1"]

1. e4 Nf6 2. e5 Nd5 3. d4 d6 4. c4 Nb6 5. exd6 exd6 6. Nc3 Be7 7. Bd3 0-0 8. Nge2 Nc6 9. 0-0 Bf6 10. Bb1 Re8 11. h3 g6 12. b3 a5 13. Be3 a4 14. Be4 axb3 15. axb3 Rxa1 16. Qxa1 Bg7 17. Qc1 d5 18. Bxd5 Nxd5 19. Nxd5 Be6 20. Ndf4 Nxd4 21. Nxd4 Bxd4 22. Rd1 c5 23. Bxd4 cxd4 24. Qb2 b5 25. Rxd4 Qf6 26. Nh5 Qh8 27. Nf4 Qf6 28. cxb5 Bxb3 29. Nh5 Qh8 30. Re4 1-0

[Event "UKR-ch U16"]
[Site "Lugansk"]
[Date "2010.03.28"]
[Round "7"]
[White "Melnik, Igor"]
[Black "Danilenko, Dmitriy"]
[Result "1/2-1/2"]
[WhiteElo "1996"]
[BlackElo "2290"]
[PlyCount "99"]
[EventDate "2010.03.23"]
[EventType "tourn"]
[EventRounds "11"]
[EventCountry "UKR"]
[SourceTitle "CBM 135 Extra"]
[Source "ChessBase"]
[SourceDate "2010.05.04"]
[SourceVersion "1"]
[SourceVersionDate "2010.05.04"]
[SourceQuality "1"]

1. d4 f5 2. Nc3 Nf6 3. Bg5 d5 4. Bxf6 exf6 5. e3 Be6 6. h4 c6 7. Bd3 Qa5 8. a3 Nd7 9. Qf3 g6 10. h5 Bb4 11. Nge2 0-0-0 12. Kd2 Bd6 13. b4 Qc7 14. b5 Kb8 15. a4 Qa5 16. bxc6 bxc6 17. Rab1+ Ka8 18. Nf4 Bf7 19. Bb5 Nb8 20. Rb3 Rc8 21. Bd3 Nd7 22. Nfe2 Be6 23. Rhb1 Nb6 24. g4 fxg4 25. Qxf6 Rce8 26. hxg6 hxg6 27. Nf4 Bxf4 28. Qxf4 Rhf8 29. Qd6 Bc8 30. Ke1 Bb7 31. Qc5 Qxc5 32. dxc5 d4 33. Ne4 dxe3 34. fxe3 Rf3 35. cxb6 Rxe3+ 36. Kd2 R3xe4 37. bxa7 R4e7 38. Bxg6 Rd8+ 39. Kc3 Kxa7 40. Rg1 Re3+ 41. Kb4 Rd4+ 42. Kc5 Rd5+ 43. Kb4 Rxb3+ 44. Kxb3 Rg5 45. Be4 g3 46. Kc4 Kb6 47. Kd3 Kc5 48. Ke3 Bc8 49. Ra1 Kb6 50. a5+ 1/2-1/2